College Basketball Clutch Shots - Statistics

General Stats
  • This quiz has been taken 3 times
  • The average score is 11 of 57
Answer Stats
Hint Answer % Correct
vs Duke (2/7) Seth Trimble
100%
vs Kentucky (NCAA) Allen Graves
67%
vs Vandy (NCAA) Braden Frager
67%
vs Duke (NCAA) Braylon Mullins
67%
vs Kansas (NCAA) Dylan Darling
67%
vs ISU (3/14) Jaden Bradley
67%
vs Santa Clara (NCAA) Otega Oweh
67%
vs Yale (3/15) TJ Power
67%
vs Texas (NCAA) Trey Kaufmann-Renn
67%
vs Florida (NCAA) Alvaro Folgueiras
33%
vs Xavier (1/21) Austin Swartz
33%
vs New Mexico (3/14) BJ Davis
33%
vs Illinois (2/21 Donovan Dent
33%
vs Illinois (12/13) Jamarques Lawrence
33%
vs Minnesota (1/13) John Blackwell
33%
vs LSU (1/14) Malachi Moreno
33%
vs Oklahoma (1/24) Mark Mitchell
33%
vs Memphis (11/21) Myles Colvin
33%
vs Holy Cross (3/5) Nasir Whitlock
33%
vs Clemson (12/9) Robert Wright III
33%
vs Ohio State (NCAA) Xavier Edmonds
33%
vs Wisconsin (3/14) Yaxel Lendeborg
33%
vs Stonehill (1/19) Ahmad Harrison
0%
vs Wake Forest (2/25) Aidan Shaw
0%
vs Valpo (2/28) AJ Casey
0%
vs St. Louis (3/14) Amael L'Etang
0%
vs North Florida (2/19) Anton Brookshire
0%
vs Wichita St (1/3) Arden Conyers
0%
vs Maine (3/7) Ari Fulton
0%
vs Loyola MD (11/11) Ari Fulton
0%
vs Boston U (3/8) Austin Benigni
0%
vs St. Louis (11/28) Benny Gealer
0%
vs VaTech (1/14) Boopie Miller
0%
vs Navy (3/8) Chance Gladden
0%
vs NCA&T (1/29) Cory Miller
0%
vs Richmond (3/7) David Dixon
0%
vs Wagner (11/16) DJ Armstrong
0%
vs Fullerton (2/28) Dre Bullock
0%
vs Depaul (1/31) Filip Borovicanin
0%
vs UCI (1/10) Hunter Erickson
0%
vs Eastern Michigan(1/3) Jackson Paveletzke
0%
vs UCSB (3/7) Jaden Vance
0%
vs Seattle U (11/8) Jake Davis
0%
vs UNLV (2/3) Jake Heidbreder
0%
vs Siena (11/17) Jalen Cox
0%
vs William & Mary (2/19) Jeremiah Johnson
0%
vs Ohio State (11/28) Mark Minor
0%
vs Texas A&M CC (1/10) Micah Thomas
0%
vs FAMU (1/3) Michael Jacobs
0%
vs WKU (12/19) Miles Barnstable
0%
vs UTEP (3/7) Mostapha El Moutaouakkil
0%
vs FDU (1/4) Paris Papadatos
0%
vs Georgia (1/14) Patton Pinkins
0%
vs South Dakota (12/6) Ring Nyeri
0%
vs Penn (12/20) Tariq Francis
0%
vs Western Michigan (2/27) Trey Perry
0%
vs NMSU (2/11) Zach Cleveland
0%
No matching quizzes found
Score Distribution
Percent of People with Each Score
Percentile by Number Answered
Your Score History
You have not taken this quiz